000
002970000a22000970004500
100
1
_a
García, Santiago
245
1
0
_a
El Marco Lingüistico de los Nuevos Métodos Exegéticos de Análisis Literario
300
_a
vol. 57, núm 1 (1999), Páginas 257-270
773
0
_t
Estudios Bíblicos
942
_c
ANA
999
_c
50287
_d
50287